Neighborhoods of Los Angeles Map Quiz - Statistics

General Stats
  • This quiz has been taken 560 times
  • The average score is 34 of 114
Answers on the Map
Answers color-coded by a green-red scale on the quiz's map according to % correct below.
 
Answer Stats
Answer % Correct
Pacific Palisades
56%
Brentwood
49%
San Pedro
48%
Bel-Air
46%
Downtown
46%
Venice
44%
Atwater Village
43%
Harbor Gateway
43%
Hollywood
42%
Studio City
41%
Woodland Hills
41%
Chinatown
39%
Eagle Rock
39%
Echo Park
39%
Griffith Park
38%
Koreatown
38%
Boyle Heights
37%
El Sereno
37%
Encino
37%
Harbor City
37%
North Hollywood
37%
Silver Lake
37%
Tarzana
37%
Watts
37%
Westchester
37%
Highland Park
35%
Beverly Crest
34%
Canoga Park
34%
Hollywood Hills
34%
Marina Del Rey
34%
Sawtelle
34%
Sherman Oaks
34%
Cypress Park
33%
Reseda
33%
Tujunga
33%
Chatsworth
32%
Chatsworth Reservoir
32%
East Hollywood
32%
Elysian Park
32%
Mar Vista
32%
Mount Washington
32%
Sylmar
32%
University Park
32%
Van Nuys
32%
West Hills
32%
Westlake
32%
Beverly Grove
30%
Elysian Valley
30%
Fairfax
30%
Granada Hills
30%
Hollywood Hills West
30%
Lincoln Heights
30%
Los Feliz
30%
Mid City
30%
North Ridge
30%
Westwood
30%
Glassell Park
29%
Lake Balboa
29%
Montecito Heights
29%
Playa Del Rey
29%
Porter Ranch
29%
West Los Angeles
29%
Century City
28%
Historic South-Central
28%
Playa Vista
28%
Toluca Lake
28%
Winnetka
28%
Arleta
27%
Arlington Heights
27%
Baldwin Hills / Crenshaw
27%
Hyde Park
27%
Leimert Park
27%
Pico Union
27%
Exposition Park
25%
Lake View Terrace
25%
Pacoima
25%
Panorama City
25%
Vermont Square
25%
Vermont Vista
25%
Beverlywood
24%
Del Rey
24%
Jefferson Park
24%
Mid Wilshire
24%
Sunland
24%
Sun Valley
24%
Vermont-Slauson
24%
Adams-Normandie
23%
Central-Alameda
23%
Palms
23%
ShadowHills
23%
South Park
23%
Valley Glen
23%
West Adams
23%
Manchester Square
22%
North Hills
22%
Pico-Robertson
22%
Vermont Knolls
22%
Hansen Dam
20%
Larchmont
20%
Mission Hills
20%
Carthay
19%
Cheviot Hills
19%
Green Meadows
19%
Broadway-Manchester
18%
Harvard Heights
18%
Rancho Park
18%
Sepulveda Basin
18%
Valley Village
18%
Windsor Square
18%
FlorenceMount Washington
16%
Gramercy Park
16%
Chesterfield Square
15%
Harvard Park
14%
Hancock Park
13%
No matching quizzes found
Score Distribution
Percent of People with Each Score
Percentile by Number Answered
Your Score History
You have not taken this quiz